Loading...
| Science - Chemistry | 4 | 2 | 1 | 0 | 75 | 35 | 58.33 | 1 | 6 |
| Beliefs | 3 | 0 | 0 | 0 | 45 | 52 | 65.67 | 1 | 3 |
| Visual Arts | 1 | 2 | 0 | 0 | 35 | 53 | 80.33 | 0 | 3 |
| Fine Arts - Other Arts | 2 | 0 | 0 | 0 | 30 | 55 | 55.00 | 1 | 2 |
| History - European History | 2 | 0 | 1 | 0 | 25 | 47 | 49.00 | 1 | 2 |
| Social Science | 0 | 2 | 0 | 0 | 20 | 79 | 86.00 | 0 | 2 |
| Literature - European Literature | 1 | 0 | 0 | 0 | 15 | 60 | 60.00 | 1 | 1 |
| Other Academic | 1 | 0 | 0 | 0 | 15 | 67 | 67.00 | 0 | 1 |
| History - Other History | 1 | 0 | 0 | 0 | 15 | 37 | 37.00 | 1 | 1 |
| History - World History | 1 | 0 | 0 | 0 | 15 | 37 | 37.00 | 0 | 1 |
| Science - Other Science | 1 | 0 | 0 | 0 | 15 | 47 | 47.00 | 0 | 1 |
| Science - Physics | 1 | 0 | 0 | 0 | 15 | 35 | 35.00 | 1 | 1 |
| Literature - British Literature | 0 | 1 | 0 | 0 | 10 | 82 | 82.00 | 0 | 1 |
| History - American History | 0 | 1 | 0 | 0 | 10 | 78 | 78.00 | 0 | 1 |
| Literature - American Literature | 0 | 1 | 0 | 0 | 10 | 73 | 73.00 | 1 | 1 |
| Philosophy | 0 | 0 | 1 | 0 | -5 | 0.00 | 0 | 0 | |
| History - Ancient History | 0 | 0 | 2 | 0 | -10 | 0.00 | 0 | 0 | |
| Science - Biology | 0 | 0 | 2 | 0 | -10 | 0.00 | 0 | 0 | |
| Literature - World Literature | 0 | 0 | 2 | 0 | -10 | 0.00 | 0 | 0 |